Name what album the song came from. (One Direction) - Statistics

General Stats
  • This quiz has been taken 4,806 times
  • The average score is 13 of 15
Answer Stats
Hint Answer % Correct
Same Mistakes Up All Night
97%
I Would Take Me Home
96%
Taken Up All Night
95%
Does He Know? Midnight Memories
94%
Alive Midnight Memories
93%
She's Not Afraid Take Me Home
92%
Summer Love Take Me Home
91%
Through The Dark Midnight Memories
90%
I Want Up All Night
90%
Happily Midnight Memories
87%
Save You Tonight Up All Night
86%
Kiss You Take Me Home
81%
Half A Heart Midnight Memories
80%
Moments Up All Night
76%
C'mon C'mon Take Me Home
75%
No matching quizzes found
Score Distribution
Percent of People with Each Score
Percentile by Number Answered
Your Score History
You have not taken this quiz